LEADER 01699nas 2200469-a 450 001 9910678476003321 005 20240413013921.0 035 $a(CKB)1000000000326724 035 $a(CONSER)--2007316428 035 $a(EXLCZ)991000000000326724 100 $a20070413a20069999 -a- - 101 0 $aeng 181 $ctxt$2rdacontent 182 $cc$2rdamedia 183 $acr$2rdacarrier 200 00$aAsia-Pacific management accounting journal 210 $aShah Alam, Selangor, Malaysia $cJointly published by APMAA and Faculty of Accountancy, Universiti Teknologi MARA$d[2006]- 215 $a1 online resource 300 $aRefereed/Peer-reviewed 311 08$aPrint version: Asia-Pacific management accounting journal. 1675-3194 (DLC) 2007316428 (OCoLC)123050597 517 3 $aJournal 517 1 $aAPMAJ 606 $aManagerial accounting$zPacific Area$vPeriodicals 606 $aManagerial accounting$zEast Asia$vPeriodicals 606 $aManagerial accounting$zSoutheast Asia$vPeriodicals 606 $aManagerial accounting$2fast$3(OCoLC)fst01007320 607 $aEast Asia$2fast 607 $aPacific Area$2fast 607 $aSoutheast Asia$2fast 608 $aPeriodicals.$2fast 608 $aPeriodicals.$2lcgft 615 0$aManagerial accounting 615 0$aManagerial accounting 615 0$aManagerial accounting 615 7$aManagerial accounting. 712 02$aAsia-Pacific Management Accounting Association. 712 02$aUniversiti Teknologi MARA.$bFaculty of Accountancy. 906 $aJOURNAL 912 $a9910678476003321 920 $aexl_impl conversion 996 $aAsia-Pacific management accounting journal$92419460 997 $aUNINA